000 00781nam a2200205Ii 4500
003 JO-AjNU
008 230605s9999||||xx |||||||||||||| ||und||
020 _a9953-470-09-X
040 _aJO-AjNU
_bara
_erda
_cJO-AjNU
041 _aara
050 1 4 _aDS289.7.S3.1980
100 3 _aتأليف: الصياد،فؤاد عبد المعطي,
_eauthor
_960354
245 0 0 _aالمغول في التاريخ
264 3 1 _aبيروت: دار النهضة العربية، 1980
300 _a430ص
_b ويحتوي على قائمة مراجع من ص371ص- 383ص،يحتوي على جداول وخرائط من ص387-430ص
336 _atext
_btxt
_2rdacontent
337 _aunmediated
_bn
_2rdamedia
338 _avolume
_bnc
_2rdacarrier
650 4 _a المغول- تاريخ
_960355
999 _aA27210
_c30778
_d30778